000 01493namaa22003251i 4500
005 20260303093821.0
008 260111r1996 ua a|||frm||| 000 0 eng d
040 _aEG-GICUC
_beng
_cEG-GICUC
_dEG-GICUC
_erda
041 0 _aeng
_beng
_bara
049 _aDeposit
097 _aM.Sc
099 _aCai01.10.15.M.Sc.1996.Em.I
100 0 _aEman El Deen Kamal Soliman,
_epreparation.
245 1 0 _aInteraction between some antidiabetic and antihypertensive drugs /
_b
_cBy Eman El Deen Kamal Soliman ; Supervision Prof. Dr. Mohamed Atef Ahmed Shehata, Prof. Dr. Abou-Baker Youssef El-Gendi, Dr. Nehal Ali Afifi
246 1 5 _a التداخل الدوائي بين بعض أدوية علاج مرض السكر وادويو ارتفاع ضغط الدم
264 0 _c1995.
300 _a207 Leaves
_billustrations
_c30 cm. +
336 _2rda content
_atext
337 _2rdamedia
_aUnmediated
338 _2rdacarrier
_avolume
502 _aThesis (M.Sc.)-Cairo University, 1995.
504 _aBibliography: pages193-207
653 0 _aantidiabetic and antihypertensive drugs
700 0 _aMohamed Atef Ahmed Shehata
_ethesis advisor.
700 0 _aAbou-Baker Youssef El-Gendi
_ethesis advisor.
700 0 _aNehal Ali Afifi
_ethesis advisor.
900 _DDepartment of Veterinary Pharmacology
_FFaculty of Veterinary Medicine
_UCairo University
_b1995
_cMohamed Atef Ahmed Shehata
_cAbou-Baker Youssef El-Gendi
_cNehal Ali Afifi
905 _aNehad
_eNourhan
942 _2ddc
_cTH
_e21
_n0
999 _c177577